000 00591nam a2200181 a 4500
005 20140412111235.0
008 010327s19uu xx 00 eng d
020 _a0-8160-1668-2
050 _aREF 155.9
_bS31 1988
100 _aSpence, Annette
245 _aStress and mental health /
_ctext by Annette Spence ; series editor Mario Orlandi, Ph.D., M. P. H. & Donald Prue, Ph. D.
260 _aNew York :
_bFacts on File Publications,
_c1988.
300 _a110 p.
440 _aEncyclopedia of good health
650 _aStress (Psychology)
650 _aMental health
999 _c102410
_d102410